[Event "Helsinki Chess Festival - U20"]
[Site "chess24.com"]
[Date "2019.08.15"]
[Round "4"]
[White "Ingebretsen, Jens E"]
[Black "Juksta, Karolis"]
[Result "1-0"]
[Board "5"]
[WhiteTitle "FM"]
[WhiteElo "2277"]
[WhiteCountry "NOR"]
[WhiteFideId "1522965"]
[WhiteEloChange "9"]
[BlackElo "2259"]
[BlackCountry "LTU"]
[BlackFideId "12809039"]
[BlackEloChange "-9"]

1. c4 {[%clk 1:30:58]} e6 {[%clk 1:30:56]} 2. g3 {[%clk 1:31:22]} d5 {[%clk
1:31:23]} 3. Bg2 {[%clk 1:31:42]} Nf6 {[%clk 1:31:49]} 4. Nf3 {[%clk 1:32:05]}
dxc4 {[%clk 1:32:15]} 5. Qa4+ {[%clk 1:32:29]} Bd7 {[%clk 1:28:44]} 6. Qxc4
{[%clk 1:32:56]} c5 {[%clk 1:29:09]} 7. Ne5 {[%clk 1:33:21]} Qc8 {[%clk 1:29:12]}
8. Nxd7 {[%clk 1:33:46]} Qxd7 {[%clk 1:29:35]} 9. Nc3 {[%clk 1:34:12]} Nc6 {[%clk
1:29:21]} 10. Qa4 {[%clk 1:34:36]} Rc8 {[%clk 1:27:14]} 11. O-O {[%clk 1:34:47]}
b6 {[%clk 1:19:48]} 12. a3 {[%clk 1:32:55]} Nd4 {[%clk 1:07:20]} 13. Qa6 {[%clk
1:27:46]} Bd6 {[%clk 0:59:24]} 14. b4 {[%clk 1:22:37]} O-O {[%clk 0:37:45]} 15.
bxc5 {[%clk 1:15:21]} Rxc5 {[%clk 0:36:54]} 16. Bb2 {[%clk 1:03:47]} Nb5 {[%clk
0:25:11]} 17. Rfd1 {[%clk 0:51:05]} Rfc8 {[%clk 0:20:04]} 18. a4 {[%clk 0:49:50]}
Nxc3 {[%clk 0:15:04]} 19. dxc3 {[%clk 0:49:11]} Ra5 {[%clk 0:12:19]} 20. Rxd6
{[%clk 0:47:04]} Rxa6 {[%clk 0:12:13]} 21. Rxd7 {[%clk 0:47:26]} Nxd7 {[%clk
0:12:38]} 22. Bb7 {[%clk 0:47:51]} Nc5 {[%clk 0:10:55]} 23. Bxc8 {[%clk 0:48:12]}
Ra5 {[%clk 0:11:19]} 24. Ba3 {[%clk 0:47:12]} Rxa4 {[%clk 0:11:21]} 25. Rd1
{[%clk 0:47:28]} 1-0

[Event "Helsinki Chess Festival - U20"]
[Site "chess24.com"]
[Date "2019.08.16"]
[Round "5"]
[White "Juksta, Karolis"]
[Black "Askerov, Marat"]
[Result "1/2-1/2"]
[Board "1"]
[WhiteElo "2259"]
[WhiteCountry "LTU"]
[WhiteFideId "12809039"]
[WhiteEloChange "2"]
[BlackTitle "FM"]
[BlackElo "2327"]
[BlackCountry "RUS"]
[BlackFideId "24175200"]
[BlackEloChange "-2"]

1. d4 {[%clk 1:30:58]} Nf6 {[%clk 1:29:29]} 2. c4 {[%clk 1:31:22]} e6 {[%clk
1:29:55]} 3. Nc3 {[%clk 1:31:48]} Bb4 {[%clk 1:30:21]} 4. f3 {[%clk 1:32:12]} d5
{[%clk 1:29:56]} 5. a3 {[%clk 1:32:35]} Bxc3+ {[%clk 1:30:22]} 6. bxc3 {[%clk
1:33:00]} c5 {[%clk 1:30:39]} 7. cxd5 {[%clk 1:33:23]} Nxd5 {[%clk 1:30:40]} 8.
dxc5 {[%clk 1:33:44]} Qa5 {[%clk 1:31:00]} 9. e4 {[%clk 1:34:07]} Nf6 {[%clk
1:31:26]} 10. Be3 {[%clk 1:34:29]} O-O {[%clk 1:31:02]} 11. Qb3 {[%clk 1:34:41]}
Nfd7 {[%clk 1:30:15]} 12. a4 {[%clk 1:35:00]} Qc7 {[%clk 1:30:33]} 13. Qa3 {[%clk
1:35:25]} b6 {[%clk 1:30:42]} 14. cxb6 {[%clk 0:25:47]} axb6 {[%clk 1:30:34]} 15.
Nh3 {[%clk 1:10:03]} Ne5 {[%clk 1:29:23]} 16. Qb3 {[%clk 0:53:48]} Nbd7 {[%clk
1:28:25]} 17. Bb5 {[%clk 0:49:13]} Nc5 {[%clk 1:12:40]} 18. Qc2 {[%clk 0:44:23]}
Ba6 {[%clk 1:00:02]} 19. O-O {[%clk 0:42:52]} Nc4 {[%clk 0:54:27]} 20. Bxc5
{[%clk 0:25:57]} Qxc5+ {[%clk 0:46:55]} 21. Qf2 {[%clk 0:25:57]} Ne3 {[%clk
0:46:13]} 22. Bxa6 {[%clk 0:25:26]} Rxa6 {[%clk 0:46:42]} 23. Rfc1 {[%clk
0:23:38]} e5 {[%clk 0:39:45]} 24. c4 {[%clk 0:10:57]} Rc8 {[%clk 0:30:21]} 25.
Rc3 {[%clk 0:10:12]} Nxc4 {[%clk 0:28:49]} 26. Qxc5 {[%clk 0:10:21]} Rxc5 {[%clk
0:29:14]} 27. Nf2 {[%clk 0:09:46]} Na5 {[%clk 0:08:44]} 28. Rxc5 {[%clk 0:08:24]}
bxc5 {[%clk 0:09:12]} 29. Nd3 {[%clk 0:05:59]} c4 {[%clk 0:09:29]} 30. Nxe5
{[%clk 0:03:37]} h5 {[%clk 0:08:51]} 31. Rc1 {[%clk 0:02:57]} Re6 {[%clk
0:05:52]} 32. f4 {[%clk 0:02:23]} f6 {[%clk 0:05:56]} 33. Ng6 {[%clk 0:02:39]}
Rxe4 {[%clk 0:06:00]} 34. Rd1 {[%clk 0:01:49]} Kf7 {[%clk 0:03:13]} 35. f5 {[%clk
0:01:36]} Ke8 {[%clk 0:02:58]} 36. Kf2 {[%clk 0:01:13]} c3 {[%clk 0:02:18]} 37.
Rc1 {[%clk 0:01:39]} Rc4 {[%clk 0:01:27]} 38. Ke3 {[%clk 0:01:23]} Kd7 {[%clk
0:01:01]} 39. Kd3 {[%clk 0:01:23]} Rxa4 {[%clk 0:00:46]} 40. Rxc3 {[%clk
0:31:16]} Nc6 {[%clk 0:30:57]} 41. Ke3 {[%clk 0:29:07]} Ne7 {[%clk 0:22:51]} 42.
Nxe7 {[%clk 0:27:24]} Kxe7 {[%clk 0:23:20]} 43. Rc7+ {[%clk 0:27:14]} Kf8 {[%clk
0:22:52]} 44. Rc8+ {[%clk 0:27:37]} Kf7 {[%clk 0:23:14]} 45. Kf3 {[%clk 0:25:44]}
Rg4 {[%clk 0:18:29]} 46. h3 {[%clk 0:25:29]} Rd4 {[%clk 0:16:15]} 47. g4 {[%clk
0:25:24]} Rd3+ {[%clk 0:16:31]} 48. Kg2 {[%clk 0:25:45]} hxg4 {[%clk 0:14:40]}
49. hxg4 {[%clk 0:26:09]} Re3 {[%clk 0:11:33]} 50. Kf2 {[%clk 0:26:29]} Re8
{[%clk 0:10:03]} 51. Rxe8 {[%clk 0:26:23]} Kxe8 {[%clk 0:10:29]} 52. Ke3 {[%clk
0:26:05]} Kd7 {[%clk 0:08:53]} 53. Kd3 {[%clk 0:26:13]} Kc7 {[%clk 0:09:06]} 54.
Kc3 {[%clk 0:26:11]} Kc6 {[%clk 0:08:49]} 55. Kc4 {[%clk 0:26:33]} Kd6 {[%clk
0:09:15]} 1/2-1/2

[Event "Helsinki Chess Festival - U20"]
[Site "chess24.com"]
[Date "2019.08.16"]
[Round "5"]
[White "Wartiovaara, Oliver"]
[Black "Ingebretsen, Jens E"]
[Result "0-1"]
[Board "2"]
[WhiteElo "2166"]
[WhiteCountry "FIN"]
[WhiteFideId "513024"]
[WhiteEloChange "-7"]
[BlackTitle "FM"]
[BlackElo "2277"]
[BlackCountry "NOR"]
[BlackFideId "1522965"]
[BlackEloChange "7"]

1. e4 {[%clk 1:30:57]} e6 {[%clk 1:30:39]} 2. d4 {[%clk 1:31:15]} d5 {[%clk
1:31:07]} 3. Nc3 {[%clk 1:31:03]} Bb4 {[%clk 1:31:32]} 4. e5 {[%clk 1:31:00]} Ne7
{[%clk 1:31:57]} 5. a3 {[%clk 1:29:49]} Bxc3+ {[%clk 1:32:25]} 6. bxc3 {[%clk
1:30:12]} c5 {[%clk 1:32:53]} 7. Qg4 {[%clk 1:28:02]} Kf8 {[%clk 1:32:55]} 8. h4
{[%clk 1:22:52]} Qa5 {[%clk 1:32:19]} 9. Bd2 {[%clk 1:22:19]} Qa4 {[%clk
1:32:35]} 10. Ra2 {[%clk 1:17:10]} b6 {[%clk 1:30:45]} 11. h5 {[%clk 1:11:18]} h6
{[%clk 1:31:14]} 12. Rh3 {[%clk 0:58:22]} Ba6 {[%clk 1:26:06]} 13. Ne2 {[%clk
0:54:07]} Nbc6 {[%clk 1:23:27]} 14. Rf3 {[%clk 0:52:40]} Nxe5 {[%clk 1:22:02]}
0-1

[Event "Helsinki Chess Festival - U20"]
[Site "chess24.com"]
[Date "2019.08.16"]
[Round "5"]
[White "Heimisson, Hilmir Freyr"]
[Black "Apol, Luitjen Akselsson"]
[Result "1/2-1/2"]
[Board "3"]
[WhiteTitle "FM"]
[WhiteElo "2258"]
[WhiteCountry "ISL"]
[WhiteFideId "2309998"]
[WhiteEloChange "-5"]
[BlackElo "2059"]
[BlackCountry "FAI"]
[BlackFideId "7202466"]
[BlackEloChange "5"]

1. d4 {[%clk 1:30:39]} Nf6 {[%clk 1:30:40]} 2. Nf3 {[%clk 1:30:36]} g6 {[%clk
1:30:40]} 3. c4 {[%clk 1:31:00]} Bg7 {[%clk 1:30:43]} 4. g3 {[%clk 1:31:25]} O-O
{[%clk 1:30:37]} 5. Bg2 {[%clk 1:31:52]} d6 {[%clk 1:30:36]} 6. O-O {[%clk
1:32:17]} Nbd7 {[%clk 1:29:49]} 7. Qc2 {[%clk 1:32:37]} e5 {[%clk 1:28:57]} 8.
Rd1 {[%clk 1:33:00]} Qe8 {[%clk 1:25:38]} 9. Nc3 {[%clk 1:29:52]} c6 {[%clk
1:19:02]} 10. e4 {[%clk 1:29:56]} Nh5 {[%clk 1:17:29]} 11. b3 {[%clk 1:07:35]} f5
{[%clk 1:12:56]} 12. Ba3 {[%clk 1:07:33]} Rf6 {[%clk 1:07:45]} 13. dxe5 {[%clk
0:55:47]} dxe5 {[%clk 1:02:45]} 14. Rd3 {[%clk 0:42:58]} Bf8 {[%clk 0:58:06]} 15.
Bxf8 {[%clk 0:43:00]} Rxf8 {[%clk 0:58:30]} 16. Rad1 {[%clk 0:37:07]} Qe7 {[%clk
0:53:51]} 17. exf5 {[%clk 0:28:46]} gxf5 {[%clk 0:38:31]} 18. Re3 {[%clk
0:29:00]} Qg7 {[%clk 0:33:18]} 19. Nh4 {[%clk 0:26:31]} e4 {[%clk 0:28:08]} 20.
Ne2 {[%clk 0:12:17]} Ne5 {[%clk 0:25:53]} 21. Nf4 {[%clk 0:11:16]} Nf6 {[%clk
0:23:40]} 22. h3 {[%clk 0:10:09]} Kh8 {[%clk 0:22:21]} 23. Qc3 {[%clk 0:09:02]}
Ng6 {[%clk 0:20:18]} 24. Rd6 {[%clk 0:06:33]} Nxf4 {[%clk 0:19:17]} 25. gxf4
{[%clk 0:06:54]} Qh6 {[%clk 0:18:50]} 26. Rg3 {[%clk 0:01:20]} Qxh4 {[%clk
0:18:51]} 27. Rg5 {[%clk 0:01:14]} Qh6 {[%clk 0:18:14]} 28. a4 {[%clk 0:01:00]}
a5 {[%clk 0:17:07]} 29. c5 {[%clk 0:01:20]} Ra7 {[%clk 0:14:32]} 30. Kf1 {[%clk
0:00:39]} b5 {[%clk 0:14:13]} 31. cxb6 {[%clk 0:00:59]} Rg7 {[%clk 0:14:38]} 32.
h4 {[%clk 0:01:03]} Ba6+ {[%clk 0:12:58]} 33. Kg1 {[%clk 0:01:08]} Bb7 {[%clk
0:13:03]} 34. b4 {[%clk 0:00:38]} axb4 {[%clk 0:12:20]} 35. Qxb4 {[%clk 0:01:07]}
Qxh4 {[%clk 0:10:47]} 36. Rxf6 {[%clk 0:00:34]} Rxf6 {[%clk 0:11:00]} 37. Rxg7
{[%clk 0:00:37]} Kxg7 {[%clk 0:11:00]} 38. Qe7+ {[%clk 0:01:03]} Kh6 {[%clk
0:11:06]} 39. Qxb7 {[%clk 0:01:19]} Qxf4 {[%clk 0:10:25]} 40. Qe7 {[%clk
0:31:03]} Qc1+ {[%clk 0:39:11]} 41. Kh2 {[%clk 0:30:17]} Qf4+ {[%clk 0:38:06]}
42. Kg1 {[%clk 0:30:34]} Rg6 {[%clk 0:35:59]} 43. Qf8+ {[%clk 0:24:03]} Kh5
{[%clk 0:36:22]} 44. Qf7 {[%clk 0:23:53]} Qc1+ {[%clk 0:33:50]} 1/2-1/2

[Event "Helsinki Chess Festival - U20"]
[Site "chess24.com"]
[Date "2019.08.16"]
[Round "5"]
[White "Liu, Casper"]
[Black "Semjonovs, Ilja"]
[Result "0-1"]
[Board "4"]
[WhiteElo "2130"]
[WhiteCountry "DEN"]
[WhiteFideId "1454153"]
[WhiteEloChange "-4"]
[BlackTitle "FM"]
[BlackElo "2370"]
[BlackCountry "LAT"]
[BlackFideId "11604263"]
[BlackEloChange "4"]

1. e4 {[%clk 13:18:23]} c5 {[%clk 0:02:30]} 2. Nc3 {[%clk 0:00:05]} d6 {[%clk
0:00:09]} 3. d4 {[%clk 0:00:03]} Nd7 {[%clk 0:05:34]} 4. Nf3 {[%clk 0:01:55]}
cxd4 {[%clk 0:00:45]} 5. Nxd4 {[%clk 0:00:10]} Ngf6 {[%clk 0:00:42]} 6. Bc4
{[%clk 0:01:17]} Qc7 {[%clk 0:08:19]} 7. Qe2 {[%clk 0:02:02]} a6 {[%clk 0:00:10]}
8. a4 {[%clk 0:04:57]} g6 {[%clk 0:02:04]} 9. a5 {[%clk 0:06:57]} Bg7 {[%clk
0:01:11]} 10. O-O {[%clk 0:03:54]} O-O {[%clk 0:02:10]} 11. f3 {[%clk 0:07:11]}
Nxe4 {[%clk 0:13:03]} 12. Bxf7+ {[%clk 0:00:51]} Rxf7 {[%clk 0:00:14]} 13. Qxe4
{[%clk 0:01:15]} Nf6 {[%clk 0:00:55]} 14. Qe2 {[%clk 0:02:49]} e5 {[%clk
0:02:10]} 15. Nb3 {[%clk 0:00:26]} Be6 {[%clk 0:00:58]} 16. Rd1 {[%clk 0:04:09]}
h6 {[%clk 0:09:03]} 17. Be3 {[%clk 0:04:38]} g5 {[%clk 0:04:30]} 18. Qd2 {[%clk
0:06:47]} Rd7 {[%clk 0:01:44]} 19. h4 {[%clk 0:01:36]} gxh4 {[%clk 0:01:55]} 20.
Bxh6 {[%clk 0:03:11]} h3 {[%clk 0:02:55]} 21. Qg5 {[%clk 0:07:20]} Rf8 {[%clk
0:00:48]} 22. Qg6 {[%clk 0:02:12]} Bxb3 {[%clk 0:16:11]} 23. cxb3 {[%clk
0:00:12]} Qc5+ {[%clk 0:00:07]} 24. Kh2 {[%clk 0:00:40]} Qf2 {[%clk 0:02:59]} 25.
Rd2 {[%clk 0:07:48]} Qh4 {[%clk 0:01:34]} 26. Bg5 {[%clk 0:00:24]} Qh7 {[%clk
0:00:10]} 27. Qxh7+ {[%clk 0:00:33]} Nxh7 {[%clk 0:00:07]} 28. Bh4 {[%clk
0:00:40]} hxg2 {[%clk 0:00:08]} 29. Kxg2 {[%clk 0:00:05]} Rf4 {[%clk 0:06:25]}
30. Ra4 {[%clk 0:00:14]} Rxa4 {[%clk 0:01:36]} 31. Nxa4 {[%clk 0:00:04]} Bf8
{[%clk 0:00:18]} 32. Nb6 {[%clk 0:03:22]} Rg7+ {[%clk 0:00:30]} 33. Kf2 {[%clk
0:00:04]} Rc7 {[%clk 0:01:36]} 34. Nd5 {[%clk 0:01:45]} Rc5 {[%clk 0:00:57]} 35.
b4 {[%clk 0:00:14]} Rc4 {[%clk 0:00:09]} 36. Bd8 {[%clk 0:01:49]} Kf7 {[%clk
0:00:40]} 37. b3 {[%clk 0:01:57]} Rc8 {[%clk 0:00:58]} 38. Bh4 {[%clk 0:00:58]}
Ke6 {[%clk 0:00:13]} 39. f4 {[%clk 0:11:10]} Bh6 {[%clk 0:04:09]} 40. f5+ {[%clk
0:08:19]} Kxf5 {[%clk 0:02:49]} 41. Ne7+ {[%clk 0:00:06]} Kg4 {[%clk 0:10:33]}
42. Nxc8 {[%clk 0:00:56]} Bxd2 {[%clk 0:00:12]} 43. Be7 {[%clk 0:02:14]} d5
{[%clk 0:00:52]} 44. Ke2 {[%clk 0:08:23]} Bc3 {[%clk 0:01:40]} 45. Bc5 {[%clk
0:01:22]} Nf6 {[%clk 0:06:02]} 46. Nd6 {[%clk 0:13:30]} d4 {[%clk 0:00:58]} 47.
b5 {[%clk 0:02:10]} e4 {[%clk 0:02:35]} 48. Nxe4 {[%clk 0:01:31]} Nxe4 {[%clk
0:00:14]} 49. Bxd4 {[%clk 0:00:03]} Bxd4 {[%clk 0:01:51]} 50. Kd3 {[%clk
0:00:40]} Bc3 {[%clk 0:02:25]} 51. bxa6 {[%clk 0:01:01]} bxa6 {[%clk 0:00:04]}
52. Kxe4 {[%clk 0:00:04]} Bxa5 {[%clk 0:00:06]} 53. Kd5 {[%clk 0:00:13]} Bb4
{[%clk 0:00:30]} 0-1

[Event "Helsinki Chess Festival - U20"]
[Site "chess24.com"]
[Date "2019.08.16"]
[Round "5"]
[White "Timoshin, Andrei"]
[Black "Keinanen, Toivo"]
[Result "0-1"]
[Board "5"]
[WhiteElo "2154"]
[WhiteCountry "EST"]
[WhiteFideId "4503503"]
[WhiteEloChange "-4"]
[BlackTitle "FM"]
[BlackElo "2389"]
[BlackCountry "FIN"]
[BlackFideId "509825"]
[BlackEloChange "4"]

1. e4 {[%clk 1:30:56]} d5 {[%clk 1:30:59]} 2. exd5 {[%clk 1:31:07]} Qxd5 {[%clk
1:31:27]} 3. Nc3 {[%clk 1:31:22]} Qd8 {[%clk 1:31:56]} 4. d4 {[%clk 1:31:32]} Nf6
{[%clk 1:32:21]} 5. Nf3 {[%clk 1:31:35]} g6 {[%clk 1:32:48]} 6. Bf4 {[%clk
1:24:41]} Bg7 {[%clk 1:32:56]} 7. Qd2 {[%clk 1:23:18]} O-O {[%clk 1:31:15]} 8.
Bh6 {[%clk 1:22:14]} Nc6 {[%clk 1:27:02]} 9. Bxg7 {[%clk 1:17:09]} Kxg7 {[%clk
1:27:30]} 10. h3 {[%clk 1:04:36]} b6 {[%clk 1:22:44]} 11. O-O-O {[%clk 1:02:55]}
Nb4 {[%clk 1:15:52]} 12. a3 {[%clk 0:48:03]} Nbd5 {[%clk 1:14:34]} 13. Bc4 {[%clk
0:48:16]} Bb7 {[%clk 1:11:21]} 14. Rhg1 {[%clk 0:38:22]} Qd6 {[%clk 1:06:44]} 15.
Ne5 {[%clk 0:37:00]} a6 {[%clk 0:55:25]} 16. f4 {[%clk 0:32:04]} Nxc3 {[%clk
0:49:51]} 17. Qxc3 {[%clk 0:32:19]} b5 {[%clk 0:49:37]} 18. Bb3 {[%clk 0:31:04]}
a5 {[%clk 0:46:46]} 19. Qc5 {[%clk 0:28:50]} b4 {[%clk 0:45:08]} 20. a4 {[%clk
0:28:30]} Ne4 {[%clk 0:40:43]} 21. Qb5 {[%clk 0:25:33]} Ba6 {[%clk 0:37:49]} 22.
Qd5 {[%clk 0:21:36]} Ng3 {[%clk 0:33:22]} 23. Kb1 {[%clk 0:15:14]} e6 {[%clk
0:28:34]} 24. Qf3 {[%clk 0:03:19]} Ne2 {[%clk 0:28:09]} 25. Rge1 {[%clk 0:03:26]}
Nxd4 {[%clk 0:28:33]} 26. Qe4 {[%clk 0:00:36]} c5 {[%clk 0:27:45]} 27. h4 {[%clk
0:00:33]} Qe7 {[%clk 0:21:56]} 28. h5 {[%clk 0:00:30]} Bb7 {[%clk 0:21:54]} 29.
Qd3 {[%clk 0:00:34]} Rad8 {[%clk 0:20:21]} 30. Qh3 {[%clk 0:00:36]} Nxb3 {[%clk
0:18:25]} 31. cxb3 {[%clk 0:00:31]} Rxd1+ {[%clk 0:09:43]} 32. Rxd1 {[%clk
0:00:59]} Rd8 {[%clk 0:10:09]} 33. Rh1 {[%clk 0:00:46]} g5 {[%clk 0:10:08]} 34.
h6+ {[%clk 0:00:38]} Kg8 {[%clk 0:09:39]} 35. Qe3 {[%clk 0:00:33]} Rd4 {[%clk
0:09:00]} 36. fxg5 {[%clk 0:00:33]} Re4 {[%clk 0:07:37]} 37. Qg3 {[%clk 0:00:43]}
Qd6 {[%clk 0:08:06]} 38. Re1 {[%clk 0:00:36]} c4 {[%clk 0:05:57]} 39. bxc4 {[%clk
0:00:33]} b3 {[%clk 0:05:46]} 40. Qc3 {[%clk 0:30:41]} Rxe1+ {[%clk 0:34:23]} 41.
Qxe1 {[%clk 0:30:46]} Be4+ {[%clk 0:31:24]} 42. Ka1 {[%clk 0:31:08]} Qxe5 {[%clk
0:29:37]} 43. Qd2 {[%clk 0:19:51]} Qc7 {[%clk 0:23:20]} 44. Qd4 {[%clk 0:17:09]}
f5 {[%clk 0:22:56]} 45. gxf6 {[%clk 0:13:39]} Qc6 {[%clk 0:18:46]} 46. f7+ {[%clk
0:01:58]} Kxf7 {[%clk 0:17:46]} 47. Qa7+ {[%clk 0:02:03]} Kg6 {[%clk 0:15:52]}
48. Qg7+ {[%clk 0:02:02]} Kh5 {[%clk 0:15:26]} 49. Qe5+ {[%clk 0:00:36]} Kg4
{[%clk 0:15:08]} 50. Qg7+ {[%clk 0:00:52]} Bg6 {[%clk 0:15:13]} 51. Qd4+ {[%clk
0:01:12]} Qe4 {[%clk 0:15:31]} 52. Qd1+ {[%clk 0:01:34]} Kg5 {[%clk 0:15:20]} 53.
Qd2+ {[%clk 0:01:37]} Kh4 {[%clk 0:13:43]} 54. Qd8+ {[%clk 0:01:49]} Kg3 {[%clk
0:13:16]} 55. Qg5+ {[%clk 0:01:55]} Kh2 {[%clk 0:13:08]} 56. Qc1 {[%clk 0:02:04]}
Kxg2 {[%clk 0:12:08]} 57. Qd1 {[%clk 0:00:34]} e5 {[%clk 0:11:47]} 58. Qd2+
{[%clk 0:00:31]} Kh3 {[%clk 0:11:58]} 59. Qc1 {[%clk 0:00:32]} Kh2 {[%clk
0:10:42]} 60. Qd2+ {[%clk 0:00:44]} Qg2 {[%clk 0:10:59]} 0-1

[Event "Helsinki Chess Festival - U20"]
[Site "chess24.com"]
[Date "2019.08.16"]
[Round "6"]
[White "Askerov, Marat"]
[Black "Keinanen, Toivo"]
[Result "0-1"]
[Board "1"]
[WhiteTitle "FM"]
[WhiteElo "2327"]
[WhiteCountry "RUS"]
[WhiteFideId "24175200"]
[WhiteEloChange "-8"]
[BlackTitle "FM"]
[BlackElo "2389"]
[BlackCountry "FIN"]
[BlackFideId "509825"]
[BlackEloChange "8"]

1. d4 {[%clk 1:30:57]} d5 {[%clk 1:30:58]} 2. c4 {[%clk 1:31:23]} e6 {[%clk
1:31:26]} 3. Nf3 {[%clk 1:31:47]} Nf6 {[%clk 1:31:54]} 4. g3 {[%clk 1:32:11]} Be7
{[%clk 1:32:21]} 5. Bg2 {[%clk 1:31:28]} O-O {[%clk 1:32:36]} 6. O-O {[%clk
1:27:13]} dxc4 {[%clk 1:32:08]} 7. Qc2 {[%clk 1:27:35]} b5 {[%clk 1:32:34]} 8. a4
{[%clk 1:26:34]} b4 {[%clk 1:32:48]} 9. Bg5 {[%clk 1:14:45]} Ba6 {[%clk 1:23:21]}
10. Nbd2 {[%clk 0:59:59]} b3 {[%clk 0:59:15]} 11. Qc1 {[%clk 0:57:29]} Nc6 {[%clk
0:58:58]} 12. Nxc4 {[%clk 0:48:23]} Nb4 {[%clk 0:25:00]} 13. Nfe5 {[%clk
0:23:04]} Rc8 {[%clk 0:47:20]} 14. Na5 {[%clk 0:17:56]} c5 {[%clk 0:09:00]} 15.
Nac6 {[%clk 0:17:26]} Nxc6 {[%clk 0:39:15]} 16. Nxc6 {[%clk 0:17:52]} Qd7 {[%clk
0:38:44]} 17. Nxe7+ {[%clk 0:07:10]} Qxe7 {[%clk 0:39:12]} 18. d5 {[%clk
0:06:20]} exd5 {[%clk 0:36:24]} 19. Bxd5 {[%clk 0:06:16]} c4 {[%clk 0:33:10]} 20.
Re1 {[%clk 0:03:30]} h6 {[%clk 0:31:31]} 21. Bxf6 {[%clk 0:03:21]} Qxf6 {[%clk
0:32:00]} 22. e4 {[%clk 0:03:36]} c3 {[%clk 0:30:38]} 23. e5 {[%clk 0:00:38]} Qb6
{[%clk 0:30:27]} 24. e6 {[%clk 0:00:33]} cxb2 {[%clk 0:19:55]} 25. exf7+ {[%clk
0:00:55]} Kh8 {[%clk 0:19:06]} 26. Qxb2 {[%clk 0:00:54]} Rc2 {[%clk 0:19:09]} 27.
Qxc2 {[%clk 0:00:53]} bxc2 {[%clk 0:19:38]} 28. Re8 {[%clk 0:00:42]} Qc5 {[%clk
0:18:56]} 29. Rae1 {[%clk 0:00:43]} g5 {[%clk 0:18:24]} 30. Bb3 {[%clk 0:00:32]}
Bd3 {[%clk 0:17:20]} 31. Rxf8+ {[%clk 0:00:31]} Qxf8 {[%clk 0:17:49]} 0-1

[Event "Helsinki Chess Festival - U20"]
[Site "chess24.com"]
[Date "2019.08.16"]
[Round "6"]
[White "Semjonovs, Ilja"]
[Black "Timoshin, Andrei"]
[Result "1/2-1/2"]
[Board "2"]
[WhiteTitle "FM"]
[WhiteElo "2370"]
[WhiteCountry "LAT"]
[WhiteFideId "11604263"]
[WhiteEloChange "-6"]
[BlackElo "2154"]
[BlackCountry "EST"]
[BlackFideId "4503503"]
[BlackEloChange "6"]

1. c4 {[%clk 1:30:35]} e5 {[%clk 1:30:38]} 2. Nc3 {[%clk 1:30:58]} Nc6 {[%clk
1:29:18]} 3. Nf3 {[%clk 1:30:57]} Nf6 {[%clk 1:26:32]} 4. e3 {[%clk 1:31:13]} d5
{[%clk 1:24:47]} 5. cxd5 {[%clk 1:28:33]} Nxd5 {[%clk 1:25:13]} 6. Bb5 {[%clk
1:28:37]} Nxc3 {[%clk 1:17:10]} 7. bxc3 {[%clk 1:22:05]} Bd6 {[%clk 1:02:42]} 8.
d4 {[%clk 1:20:24]} Bd7 {[%clk 0:45:39]} 9. e4 {[%clk 1:09:58]} Qe7 {[%clk
0:33:54]} 10. O-O {[%clk 1:05:56]} O-O {[%clk 0:33:44]} 11. Re1 {[%clk 0:57:51]}
h6 {[%clk 0:29:55]} 12. Rb1 {[%clk 0:50:10]} b6 {[%clk 0:23:17]} 13. Qa4 {[%clk
0:43:13]} Qe8 {[%clk 0:22:47]} 14. Ba3 {[%clk 0:39:55]} a6 {[%clk 0:22:01]} 15.
Bxc6 {[%clk 0:40:13]} Bxc6 {[%clk 0:22:27]} 16. Qb3 {[%clk 0:40:38]} Bxa3 {[%clk
0:18:21]} 17. Qxa3 {[%clk 0:40:58]} exd4 {[%clk 0:17:53]} 18. cxd4 {[%clk
0:40:37]} Bxe4 {[%clk 0:17:14]} 19. Rbc1 {[%clk 0:40:36]} f5 {[%clk 0:13:22]} 20.
Rxc7 {[%clk 0:39:48]} Qd8 {[%clk 0:12:26]} 21. Qb3+ {[%clk 0:28:30]} Kh8 {[%clk
0:12:42]} 22. Qxb6 {[%clk 0:19:48]} Rf7 {[%clk 0:09:46]} 23. Rec1 {[%clk
0:20:05]} Bxf3 {[%clk 0:09:41]} 24. gxf3 {[%clk 0:20:19]} Rxc7 {[%clk 0:09:32]}
25. Qxc7 {[%clk 0:19:22]} Qxd4 {[%clk 0:08:53]} 26. Qc6 {[%clk 0:16:21]} Qd8
{[%clk 0:07:54]} 27. Qg6 {[%clk 0:15:53]} Qg5+ {[%clk 0:03:18]} 28. Qxg5 {[%clk
0:13:42]} hxg5 {[%clk 0:03:46]} 29. Rc5 {[%clk 0:11:23]} Rf8 {[%clk 0:02:59]} 30.
Rc6 {[%clk 0:10:38]} Rf6 {[%clk 0:03:25]} 31. Rxf6 {[%clk 0:10:55]} gxf6 {[%clk
0:03:53]} 32. Kf1 {[%clk 0:08:37]} Kg7 {[%clk 0:02:52]} 33. Ke2 {[%clk 0:09:02]}
Kf7 {[%clk 0:02:25]} 34. Kd3 {[%clk 0:08:40]} Ke6 {[%clk 0:02:54]} 35. Kd4 {[%clk
0:07:52]} Kd6 {[%clk 0:03:15]} 36. h3 {[%clk 0:07:17]} f4 {[%clk 0:02:44]} 37.
Ke4 {[%clk 0:06:01]} Ke6 {[%clk 0:03:13]} 38. a3 {[%clk 0:05:34]} a5 {[%clk
0:03:20]} 39. a4 {[%clk 0:04:32]} f5+ {[%clk 0:03:49]} 1/2-1/2